000 00515nmm a2200169Ia 4500
008 251105s9999||||xx |||||||||||||||||und||
020 _a8477370680
041 _aspa
100 _aEchevarría Bacigalupe, Miguel Ángel
245 0 _aFlandes y la Monarquía Hispánica :
_b 1500-1713
264 _a[Madrid, España] :
_bSílex Ediciones,
_c1998
300 _a440 páginas
490 _aClaves Históricas
650 _aHistory of Europe
856 _uhttps://public.digitaliapublishing.com/a/1254
942 _cCF
999 _c73437
_d73437